Statistics for 2014 College Bowl Games Quiz

Click here to take the quiz!

General Stats

  • This quiz has been taken 1,945 times
  • The average score is 13 of 38

Answer Stats

DateTeamsBowl% Correct
Jan 1Florida St - OregonRose
96%
Dec 31Miss St - Georgia TechOrange
87%
Jan 1Ohio St - AlabamaSugar
81%
Jan 1Michigan St - BaylorCotton
74%
Dec 31Boise St - ArizonaFiesta
71%
Dec 31Ole Miss - TCUPeach
63%
Dec 27Duke - Arizona StSun
43%
Jan 2Iowa - TennesseeTax Slayer
42%
Jan 1Wisconsin - AuburnOutback
41%
Dec 27Nebraska - USCHoliday
36%
Jan 2Kansas St - UCLAAlamo
35%
Dec 29Texas - ArkansasTexas
35%
Jan 1Minnesota - MissouriCitrus
34%
Dec 24Fresno St - RiceHawaii
34%
Dec 30Notre Dame - LSUMusic City
34%
Jan 2Pittsburgh - HoustonArmed Forces
33%
Dec 29West Virginia - Texas A&MLiberty
32%
Dec 27Boston College - Penn StPinstripe
32%
Dec 27Miami - South CarolinaIndependence
30%
Dec 20Utah - Colorado StLas Vegas
30%
Dec 23Navy - San Diego StPoinsettia
29%
Dec 30Louisville - GeorgiaBelk
26%
Dec 20Air Force - W MichiganIdaho Potato
26%
Jan 4Toledo - Arkansas StGoDaddy
25%
Dec 20LA Lafayette - NevadaNew Orleans
25%
Dec 27VA Tech - CincinnatiMilitary
24%
Dec 24C Michigan - W KentuckyBahamas
23%
Dec 20Utah St - UTEPNew Mexico
22%
Dec 26Illinois - LA TechHeart of Dallas
20%
Dec 22BYU - MemphisMiami Beach
19%
Jan 3Florida - East CarolinaBirmingham
17%
Dec 29Clemson - OklahomaRussell Athletic
16%
Jan 2Oklahoma St - WashingtonCactus
14%
Dec 26NC State - UCFSt. Petersburg
14%
Dec 23Marshall - N IllinoisBoca Raton
13%
Dec 20Bowling Green - S AlabamaCamellia
12%
Dec 30Maryland - StanfordFoster Farms
12%
Dec 26Rutgers - North CarolinaQuick Lane
11%

Score Distribution

Percentile by Number Answered

Percent of People with Each Score

Your Score History

You have not taken this quiz